Ergonomics : (رقم التسجيلة. 23168)

تفاصيل مارك
000 -الفاتح
حقل البيانات ثابتة الطول 01592cam a22003854a 4500
001 - رقم الضبط
رقم الضبط 16535361
003 - محدد رقم الضبط
رقم الضبط OSt
005 - وقت وتاريخ اخر تعامل مع التسجيلة
رقم الضبط 20150408114034.0
008 - عناصر البيانات ثابتة الطول - معلومات عامة
حقل البيانات ثابتة الطول 101109s2012 maua b 001 0 eng
010 ## - رقم ضبط مكتبة الكونجرس
رقم ضبط مكتبة الكونجرس 2010047706
020 ## - الرقم الدولى المعيارى للكتب
الرقم الدولى المعيارى للكتاب 9780138024857
020 ## - الرقم الدولى المعيارى للكتب
الرقم الدولى المعيارى للكتاب 0138024855
035 ## - رقم ضبط النظام
رقم ضبط النظام (DNLM)101547118
040 ## - مصدر الفهرسة
وكالة الفهرسة الأصلية DNLM/DLC
وكالة النسخ DLC
050 00 - رقم طلب مكتبة الكونجرس
رقم التصنيف RM705
رقم المادة .R43 2012
060 10 - رقم الطلب بالمكتبة الطبية الوطنية
رقم التصنيف WA 487.5.H4
082 00 - رقم تصنيف ديوى العشرى
رقم التصنيف 615.82
رقم الطبعة 22
100 1# - المدخل الرئيسى - إسم شخصى
الإسم الشخصى Redman, Diane.
9 (RLIN) 13844
245 10 - بيان العنوان
العنوان Ergonomics :
بقية العنوان body mechanics and self-care for bodyworkers /
بيان المسئوليه,etc Diane Redman, Ardath L. Lunbeck.
260 ## - PUBLICATION, DISTRIBUTION, ETC. (IMPRINT)
مكان الناشر او الموزع Boston :
اسم الناشر او الموزع Pearson,
تاريخ النشر أو التوزيع c2012.
300 ## - الوصف المادى
التعداد xviii, 194 p. :
تفاصيل ماديه اخرى للوعاء ill. ;
أبعاد الوعاء 28 cm.
504 ## - تبصرة ببليوجرافية
تبصرة ببليوجرافية,الخ Includes bibliographical references and index.
505 0# - تبصرة محتويات-الفهرس
تبصرة المحتويات المصاغة Introduction to ergonomics -- Postural assessment -- Assessment of motion -- Common postural distortions -- Ergonomic techniques for the bodyworker -- Workplace environment -- Self-care : exercise -- Self-care : self-massage -- Self-care : stress and stress busters.
650 #0 - المدخل الاضافى بالموضوع-مصطلح موضوعى
مصطلح موضوعي أو اسم جغرافي كعنصر مدخل Physical therapists
التقسيم الفرعي العام Health and hygiene.
9 (RLIN) 13845
650 #0 - المدخل الاضافى بالموضوع-مصطلح موضوعى
مصطلح موضوعي أو اسم جغرافي كعنصر مدخل Masseurs
التقسيم الفرعي العام Health and hygiene.
9 (RLIN) 13846
650 #0 - المدخل الاضافى بالموضوع-مصطلح موضوعى
مصطلح موضوعي أو اسم جغرافي كعنصر مدخل Acupuncturists
التقسيم الفرعي العام Health and hygiene.
9 (RLIN) 13847
650 #0 - المدخل الاضافى بالموضوع-مصطلح موضوعى
مصطلح موضوعي أو اسم جغرافي كعنصر مدخل Human engineering.
9 (RLIN) 13848
650 12 - المدخل الاضافى بالموضوع-مصطلح موضوعى
مصطلح موضوعي أو اسم جغرافي كعنصر مدخل Accidents, Occupational
التقسيم الفرعي العام prevention & control.
9 (RLIN) 13849
650 12 - المدخل الاضافى بالموضوع-مصطلح موضوعى
مصطلح موضوعي أو اسم جغرافي كعنصر مدخل Allied Health Personnel.
650 22 - المدخل الاضافى بالموضوع-مصطلح موضوعى
مصطلح موضوعي أو اسم جغرافي كعنصر مدخل Human Engineering
التقسيم الفرعي العام methods.
9 (RLIN) 13850
650 22 - المدخل الاضافى بالموضوع-مصطلح موضوعى
مصطلح موضوعي أو اسم جغرافي كعنصر مدخل Musculoskeletal Manipulations
التقسيم الفرعي العام adverse effects.
9 (RLIN) 13851
700 1# - المدخل الاضافى - اسم شخصى
الإسم الشخصى Lunbeck, Ardath L.
9 (RLIN) 13852
942 ## - عناصر المدخل الإضافي( كوها)
مصدر التصنيف او مخطط الترفيف Dewey Decimal Classification
Koha [default] item type كتاب
المقتنيات
حالة الفقد نموذج السعر الفعال حالة تلف ليس للاعارة رقم الطلب تاريخ الاكتساب الموقع الحالي الباركود الفرع الرئيسي Date last seen نوع المادة فى نظام كوها مصدر التصنيف او خطة الترفيف Total Checkouts
  2013-03-10     615.82 R D E 2012-05-13 مكتبة كلية العلوم الطبية التطبيقية بالمجمعة - طالبات (AMF) 00087915 مكتبة كلية العلوم الطبية التطبيقية بالمجمعة - طالبات (AMF) 2013-03-10 كتاب Dewey Decimal Classification  
  2013-03-10     615.82 R D E 2012-05-13 مكتبة كلية العلوم الطبية التطبيقية بالمجمعة - طالبات (AMF) 00087916 مكتبة كلية العلوم الطبية التطبيقية بالمجمعة - طالبات (AMF) 2013-03-10 كتاب Dewey Decimal Classification  
  2013-03-10     615.82 R D E 2012-05-13 مكتبة كلية العلوم الطبية التطبيقية بالمجمعة - طالبات (AMF) 00087917 مكتبة كلية العلوم الطبية التطبيقية بالمجمعة - طالبات (AMF) 2013-03-10 كتاب Dewey Decimal Classification  
  2013-03-10     615.82 R D E 2012-05-13 مكتبة كلية العلوم الطبية التطبيقية بالمجمعة - طالبات (AMF) 00087918 مكتبة كلية العلوم الطبية التطبيقية بالمجمعة - طالبات (AMF) 2013-03-10 كتاب Dewey Decimal Classification